LEADER 01419nam--2200409---450- 001 990000706910203316 005 20100119091600.0 010 $a88-13-16853-5 035 $a0070691 035 $aUSA010070691 035 $a(ALEPH)000070691USA01 035 $a0070691 100 $a20011023d1989----km-y0itay0103----ba 101 $aita 102 $aIT 105 $a||||||||001yy 200 1 $a<> imprenditore e la cultura imprenditoriale$efattori ostacolanti e stimolanti nella crescita delle piccole e medie imprese$ericerca qualitativa su un campione di imprenditori effettuata da una comunità di ricerca del CIS, Centro studi d'impresa$fcoordinatore scientifico Fabio Corno 210 $aPadova$cCEDAM$dc1989 215 $aXXI, 149 p.$d24 cm 225 2 $aUomo, impresa$v4 410 $12001$aUomo, impresa$v4 606 0 $aPiccole imprese$xSviluppo 606 0 $aMedie imprese$xSviluppo 606 0 $aImprenditori 676 $a338.642 702 1$aCORNO,$bFabio 801 0$aIT$bsalbc$gISBD 912 $a990000706910203316 951 $a338.6 IMP 1 (COLL. HOW 4)$b68730 EC$cCOLL. HOW$d00168970 959 $aBK 969 $aECO 979 $aPATTY$b90$c20011023$lUSA01$h2333 979 $c20020403$lUSA01$h1719 979 $aPATRY$b90$c20040406$lUSA01$h1649 979 $aRSIAV5$b90$c20100119$lUSA01$h0916 996 $aImprenditore e la cultura imprenditoriale$962934 997 $aUNISA LEADER 02474nam0 2200529 i 450 001 LO10435357 005 20251003044210.0 010 $a8833910385 020 $aIT$b98-9886 100 $a19970717d1997 ||||0itac50 ba 101 | $aita 102 $ait 181 1$6z01$ai $bxxxe 182 1$6z01$an 200 1 $aˆLo ‰sviluppo$estoria di una credenza occidentale$fGilbert Rist 210 $aTorino$cBollati Boringhieri$d1997 215 $a316 p.$d22 cm 225 | $aSaggi$i. Storia, filosofia e scienze sociali 300 $aTrad. di Alfredo Salsano. 410 0$1001CFI0520035$12001 $aSaggi$i. Storia, filosofia e scienze sociali 500 10$aˆLe ‰développement.$3LO10435358$9TO0V085433$928196 606 $aSocietà e sviluppo economico$2FIR$3CFIC000371$9E 606 $aMutamento sociale$2FIR$3CFIC015264$9E 676 $a303.44$9CRESCITA E SVILUPPO SOCIALE$v12 676 $a303.44$9CRESCITA E SVILUPPO SOCIALE$v20 676 $a303.44$9CAMBIAMENTO SOCIALE. CRESCITA E SVILUPPO$v21 676 $a338.9$9SVILUPPO ECONOMICO$v19 676 $a338.9$9SVILUPPO ECONOMICO$v20 676 $a338.9$9SVILUPPO ECONOMICO$v21 686 $aX1.0$cRELAZIONI INTERNAZIONALI$2R 686 $aX17.6$cDIRITTI UMANI ASSOCIAZIONI UMANITARIE$2R 686 $aX31.0$cSVILUPPO ECONOMICO$2R 686 $aX37.0$cMERCATO GLOBALE$2R 696 $aCambiamento sociale 699 $aMutamento sociale$yCambiamento sociale 700 1$aRist$b, Gilbert$3TO0V085433$4070$0140749 801 3$aIT$bIT-000000$c19970717 850 $aIT-BN0095 $aIT-AV0007 $aIT-NA0079 $aIT-NA0070 $aIT-NA0452 901 $bNAP BN$cMAGAZZINO $nmagazzini correnti divisi per anni 901 $bNAP BU$c4 B $nPropedeutica. Formato cm. 20,1-28. 901 $bNAP IS$cISEM $nSezione di storia economica dell'ex Istituto di storia economica del Mezzogiorno 901 $bNAP 01$cPOZZO LIB.$nVi sono collocati fondi di economia, periodici di ingegneria e scienze, periodici di economia e statistica e altri fondi comprendenti documenti di economia pervenuti in dono. 912 $aLO10435357 950 0$aBiblioteca Centralizzata di Ateneo$c1 v.$d 01POZZO LIB.ECON MON 6424$e 0101 0700230135E VMA 1 V. (Precedente collocazione 23 Ec 013)$fB $h20220801$i20220801 977 $a 01$a AV$a BN$a BU$a IS 996 $aDéveloppement$928196 997 $aUNISANNIO